000 00739nam a2200253Ia 4500
003 OSt
005 20220923213909.0
006 a|||||r|||| 00| 0
007 ta
008 220922b |||||||| |||| 00| 0 hin d
020 _c4
024 _a165,483
037 _cTextual
040 _aARTS
_cARTS
_bhin
041 _2hin
_ahin
082 _aO152,1N01x, J6;L1
100 _aपंत, सुमित्रानन्दन
245 0 _aस्वर्ण किरण
246 _aSvarṇa kiraṇa
260 _c1956
650 _aहिन्दी साहित्य
_9156264
942 _hO152,1N01x, J6;L1
_cTEXL
_2CC
999 _c319962
_d319962